00901nam a22002177a 45000010005000000030006000050050017000110080041000280200018000690400029000870500008001160820010001241000017001342450265001512600126004163000053005425050008005955210029006035210020006327000031006528762FISKH20251212084942.0251017b cb ||||| |||| 00| 0 eng d a9789995001490 aFISKHbkhrcFISKHdFISKH aPZ7 a895.1 aSakal, Ngoun aកំណាព្យ ព្យព្ជាន:ដោយរូបភាព /cអ្នកនិពន្ធ ងួន សាកល , អ្នករៀបរៀង​ អ៊ុំ បុប្ផា និង លោក សេង តុងបុត្តា​ aភ្នំពេញ :bគ្រឹះស្ថានបោះពុម្ពនិងចែកផ្សាយ ,c2012. a36 pages : bcolor illustrations ; c17*18 cm .  aP 8 a650 bLexile estimate 8 aP bRaz-Plus  aVanten, HouyeIllustrator